[Event "Défi"]
[Site "www.echecsemail.com"]
[Date "2026.01.06"]
[Round "1"]
[White "Khamis"]
[Black "Kawa750"]
[WhiteElo "1880"]
[BlackElo "1830"]
[Result "1-0"]
1.d4 c5
2.d5 Ng8f6
3.c4 d6
4.Ng1f3 Bc8g4
5.h3 Bg4h5
6.Nb1d2 Nb8d7
7.e3 h6
8.Bf1d3 g5
9.O-O Bf8g7
10.Qd1b3 Qd8c7
11.Qb3c2 Nd7f8
12.Rf1e1 Bh5g6
13.e4 Nf8d7
14.Ra1b1 Nd7e5
15.Nf3xe5 dxe5
16.Nd2f3 Nf6h5
17.Qc2a4 Qc7d7
18.Qa4xd7 Kxd7
19.Bc1e3 Nh5f4
20.Be3xf4 exf4
21.a3 b6
22.b4 Rh8c8
23.b5 a6
24.a4 axb5
25.Rb1xb5 Rc8b8
26.Bd3c2 Bg7c3
27.Re1d1 f6
28.Nf3e1 Bc3xe1
29.Rd1xe1 Bg6e8
30.Rb5b1 Kd6
31.Rb1a1 Ra8a5
32.f3 Rb8a8
33.Ra1b1 Ra8a6
34.e5 fxe5
35.Re1e4 Be8xa4
36.Bc2xa4 Ra5xa4
37.Rb1e1 Ra4a1
38.Re4xe5 Ra1xe1
39.Re5xe1 Ra6a4
40.Re1e6 Kd7
41.Re6xb6 Ra4xc4
42.Rb6xh6 Rc4d4
43.h4 Rd4xd5
44.h5 c4
45.Rh6a6 c3
46.Ra6a4 c2
47.Ra4a7 Ke6
48.Ra7c7 Rd5d1
49.Kf2  { temps }1-0

[Event "Défi"]
[Site "www.echecsemail.com"]
[Date "2026.01.06"]
[Round "1"]
[White "Khamis"]
[Black "Kawa750"]
[WhiteElo "1880"]
[BlackElo "1810"]
[Result "1-0"]
1.d4 d6
2.c4 c5
3.d5 Ng8f6
4.Ng1f3 Nb8d7
5.Nb1c3 a6
6.h3 Nd7e5
7.e3 Ne5xf3
8.Qd1xf3 Bc8f5
9.Qf3xf5 g6
10.Qf5c2 Bf8g7
11.Bf1e2 O-O
12.O-O Qd8d7
13.Ra1b1 Rf8e8
14.Nc3a4 Re8b8
15.Na4b6 Qd7c7
16.Nb6xa8 Rb8xa8
17.b4 cxb4
18.e4 Nf6d7
19.Rb1xb4 Nd7c5
20.Bc1e3 b6
21.Rf1b1 Ra8b8
22.Be3xc5 dxc5
23.Rb4b3 Bg7d4
24.Be2g4 Kg7
25.Qc2d2 h5
26.Bg4e2 e5
27.Kf1 Qc7d8
28.a4 Qd8h4
29.Be2f3 b5
30.axb5  { temps }1-0

[Event "Tournoi n27320"]
[Site "www.echecsemail.com"]
[Date "2026.01.06"]
[Round "1"]
[White "Patau"]
[Black "Voyageur"]
[WhiteElo "1650"]
[BlackElo "1510"]
[Result "1/2-1/2"]
1.e4 g6
2.d4 d6
3.f4 b6
4.c4 Bc8b7
5.Nb1c3 Bf8g7
6.Ng1f3 Nb8d7
7.Bf1d3 Ng8f6
8.O-O O-O
9.Bc1e3 c5
10.Qd1d2 cxd4
11.Nf3xd4 Nf6g4
12.h3 Ng4xe3
13.Qd2xe3 e5
14.fxe5 dxe5
15.Nd4b5 f6
16.Nb5d6 Qd8c7
17.Nd6xb7 Qc7xb7
18.Nc3d5 Nd7c5
19.Bd3c2 Rf8d8
20.Ra1d1 Rd8d7
21.Nd5xf6 Bg7xf6
22.Rf1xf6 Kg7
23.Rd1xd7 Nc5xd7
24.Rf6d6 Ra8d8
25.Bc2a4 a6
26.Ba4xd7 Rd8xd7
27.Rd6xd7 Qb7xd7
28.Qe3xb6 Qd7d1
29.Kh2 Qd1a4
30.Qb6c7 Kh6
31.Qc7xe5 Qa4xc4
32.Qe5f4 Kg7
33.Qf4e5 Kh6
34.Qe5f4 { nul }1/2-1/2

[Event "Défi"]
[Site "www.echecsemail.com"]
[Date "2026.01.06"]
[Round "1"]
[White "Kawa750"]
[Black "Chomi64"]
[WhiteElo "1810"]
[BlackElo "1880"]
[Result "0-1"]
1.e4 d5
2.exd5 Ng8f6
3.Nb1c3 Nf6xd5
4.Nc3xd5 Qd8xd5
5.Ng1f3 Bc8g4
6.h3 Bg4xf3
7.Qd1xf3 Qd5xf3
8.gxf3 a6
9.Bf1g2 c6
10.O-O e6
11.d3 Bf8d6
12.Bc1e3 Nb8d7
13.c4 O-O
14.Rf1c1 Bd6e5
15.d4 Be5f6
 { temps }0-1

[Event "Défi"]
[Site "www.echecsemail.com"]
[Date "2026.01.06"]
[Round "1"]
[White "Berjay"]
[Black "Snarf"]
[WhiteElo "1720"]
[BlackElo "1720"]
[Result "0-1"]
1.e4 e5
2.Ng1f3 Nb8c6
3.Bf1c4 h6
4.d3 Bf8b4
5.c3 Bb4a5
6.Qd1b3 Qd8f6
7.O-O a6
8.Bc1e3 b5
9.Bc4d5 Ba5b6
10.d4 d6
11.Bd5xc6 Bc8d7
12.Bc6xa8 exd4
13.cxd4 c6
14.Ba8b7 a5
15.e5 Qf6e7
16.a4 b4
17.Rf1e1 Bd7e6
18.Qb3c2 Qe7xb7
19.exd6 Qb7d7
20.Be3f4 f5
21.Nf3e5 Qd7xd6
22.g3 Qd6xd4
23.Qc2xc6 Ke7
24.Ne5g6 Kd8
25.Re1xe6 Qd4xf2
{ abandon }0-1

[Event "Coupe Niveau 2"]
[Site "www.echecsemail.com"]
[Date "2026.01.06"]
[Round "1"]
[White "Woluwe1975"]
[Black "Panchoa"]
[WhiteElo "1630"]
[BlackElo "1610"]
[Result "0-1"]
1.e4 e5
2.Ng1f3 Nb8c6
3.Nb1c3 Ng8f6
4.d4 exd4
5.Nc3d5 Nf6xe4
6.Qd1e2 f5
7.Nf3g5 Bf8b4
8.Nd5xb4 Nc6xb4
9.a3 Nb4xc2
10.Qe2xc2 Ne4xg5
11.Bc1xg5 Qd8xg5
12.Qc2e2 Kd8
13.Qe2d3 Rh8e8
14.Kd1 Qg5g4
15.f3 Qg4f4
16.Kc2 Re8e3
17.Qd3b3 Re3xb3
{ abandon }0-1

[Event "Eq:Les Gens du Sud-au plaisir du jeux  :"]
[Site "www.echecsemail.com"]
[Date "2026.01.06"]
[Round "1"]
[White "Mequinho"]
[Black "Harrypotter"]
[WhiteElo "1910"]
[BlackElo "1290"]
[Result "1-0"]
1.e4 e5
2.Ng1f3 Nb8c6
3.Bf1c4 Ng8f6
4.Nb1c3 Bf8c5
5.O-O d6
6.h3 Bc8e6
7.Bc4b5 a6
8.Bb5a4 b5
9.Ba4b3 Be6xb3
10.axb3 Bc5b6
11.d3  { temps }1-0

[Event "Défi"]
[Site "www.echecsemail.com"]
[Date "2026.01.06"]
[Round "1"]
[White "Chomi64"]
[Black "Kawa750"]
[WhiteElo "1840"]
[BlackElo "1800"]
[Result "1-0"]
1.d4 c6
2.e4 d5
3.Nb1c3 Ng8f6
4.e5 Nf6e4
5.Nc3xe4 dxe4
6.h3 g6
7.Bf1c4 b5
8.Bc4b3 Bf8g7
9.c3 O-O
10.Qd1e2 a5
11.Qe2xe4 Bc8f5
12.Qe4f3 Bf5e6
13.Bb3xe6 fxe6
14.Qf3g4 Qd8d5
15.Bc1g5 Rf8f7
16.a3 Nb8d7
17.Qg4e2 Qd5xg2
18.O-O-O Qg2xh1
19.f3 h6
20.Bg5h4 Ra8f8
21.Rd1f1  { temps }1-0

[Event "Défi( 10J+24H/c 10J Max )"]
[Site "www.echecsemail.com"]
[Date "2026.01.06"]
[Round "1"]
[White "Minon"]
[Black "Poison"]
[WhiteElo "1930"]
[BlackElo "1100"]
[Result "1-0"]
1.e4 e5
2.Ng1f3 Ng8f6
3.Nb1c3 Bf8b4
4.Nf3xe5 Qd8e7
5.Ne5g4 Nb8c6
6.Ng4xf6 Qe7xf6
7.Nc3d5 Qf6e6
8.Nd5xc7 Kd8
9.Nc7xe6 dxe6
10.c3 Bb4d6
11.Qd1g4 Bc8d7
12.Qg4xg7 Rh8e8
13.Qg7xh7 f6
14.Bf1b5 Nc6a5
15.Qh7xd7 1-0

[Event "Défi"]
[Site "www.echecsemail.com"]
[Date "2026.01.06"]
[Round "1"]
[White "Kawa750"]
[Black "Chomi64"]
[WhiteElo "1790"]
[BlackElo "1770"]
[Result "0-1"]
1.d4 e5
2.dxe5 Nb8c6
3.Ng1f3 Qd8e7
4.Bc1f4 Qe7b4
5.Nb1d2 Qb4xf4
6.e3 Qf4b4
7.Ra1b1 Qb4c5
8.Bf1c4 Nc6xe5
9.Nf3xe5 Qc5xe5
10.O-O d5
11.Nd2f3 Qe5f5
12.Qd1xd5 Qf5xd5
13.Bc4xd5 Bf8d6
14.Nf3g5 Ng8h6
15.Rb1d1 O-O
16.Rf1e1 Nh6g4
17.g3 h6
18.Ng5f3 Ng4f6
19.Bd5b3 Bc8g4
20.Kg2 Ra8d8
21.h3 Bg4f5
22.Nf3h4 Bf5h7
23.f3 Bd6e7
24.e4 Rd8xd1
25.Re1xd1 Rf8d8
26.Rd1xd8 Be7xd8
27.Nh4f5 Nf6d7
28.f4 Nd7c5
29.Nf5d4 Nc5xb3
30.axb3 Bh7xe4
31.Kf2 a6
32.Ke3 Be4d5
33.c4 Bd5g2
34.h4 Bd8f6
35.b4 g6
 { temps }0-1

[Event "Défi"]
[Site "www.echecsemail.com"]
[Date "2026.01.06"]
[Round "1"]
[White "Kawa750"]
[Black "Khamis"]
[WhiteElo "1790"]
[BlackElo "1890"]
[Result "0-1"]
1.d4 d5
2.Ng1f3 Ng8f6
3.Nb1c3 c5
4.Bc1g5 Nb8c6
5.Bg5xf6 exf6
6.e3 Bc8g4
7.Bf1e2 Bf8e7
8.h3 Bg4h5
9.g4 Bh5g6
10.O-O O-O
11.Nf3h4 cxd4
12.exd4 a6
13.f4 h6
14.Be2d3 Bg6xd3
15.Qd1xd3 b5
16.Nh4f5 b4
17.Nc3xd5 Qd8xd5
18.Rf1e1 Be7d8
19.c4 Qd5d7
20.d5 Bd8b6
21.Kg2 Nc6a5
22.b3 Na5b7
23.g5 hxg5
24.fxg5 Nb7c5
25.Qd3f3 Nc5e6
26.dxe6 fxe6
27.Nf5g3 f5
28.Ra1d1 Qd7f7
29.Qf3c6 Bb6c7
30.h4 Bc7xg3
31.Kxg3 Rf8e8
32.Rd1d7 f4
33.Kf3 Qf7h5
34.Kf2 Qh5xh4
35.Ke2 Qh4g4
36.Kd2 Qg4xg5
37.Re1xe6 f3
38.Kc2 Ra8c8
39.Re6xe8 Rc8xe8
40.Qc6xf3 Qg5g6
41.Rd7d3 Re8d8
42.Kd2 Qg6h6
43.Qf3e3 Qh6h2
44.Qe3e2 Rd8xd3
45.Kxd3 Qh2d6
46.Kc2 Qd6g6
47.Qe2d3 Qg6g2
48.Qd3d2 Qg2xd2
49.Kxd2 Kf7
50.Ke3 Kf6
51.Kf4 g6
52.Kg4 a5
53.Kg3 Kg5
54.Kf3 Kf5
55.Kf2 Kf4
56.Kg2 Kg4
57.Kf2 Kf4
58.Kg2 g5
59.Kf2 g4
60.Kf1 Ke4
 { temps }0-1

[Event "Défi"]
[Site "www.echecsemail.com"]
[Date "2026.01.06"]
[Round "1"]
[White "Serjo"]
[Black "Epervier14"]
[WhiteElo "1280"]
[BlackElo "1210"]
[Result "1-0"]
1.e4 e5
2.Ng1f3 Ng8f6
3.Nb1c3 Nb8c6
4.a3 b6
5.h3 Bc8b7
6.d3 Nc6d4
7.Nf3xe5 d6
8.Ne5f3 Nd4xf3
9.Qd1xf3 Bf8e7
10.g3 O-O
11.Bf1g2 Rf8e8
12.O-O a6
13.Kh2 Be7f8
14.Nc3e2 a5
15.Ne2g1 Ra8b8
16.Qf3e2 d5
17.Bc1f4 dxe4
18.dxe4 Bb7xe4
19.f3 Be4b7
20.Qe2c4 Bf8c5
21.Ra1d1 Qd8c8
22.Qc4c3 Nf6d5
23.Qc3c4 Nd5xf4
24.Qc4xf4 Bc5d6
25.Qf4g5 c5
26.Rd1xd6 Bb7a6
27.Rd6d1 Ba6xf1
28.Rd1xf1 h6
29.Qg5f4 Re8d8
30.a4 Qc8c6
31.b3 Rd8e8
32.Kh1 Rb8b7
33.Kh2 Rb7e7
34.Kh1 Re7e1
35.Qf4d2 Re1xf1
36.Bg2xf1 Qc6e6
37.Kg2 Qe6e7
38.h4 Qe7e1
39.Qd2xe1 Re8xe1
40.Kf2 Re1c1
41.Bf1d3 Rc1a1
42.f4 f6
43.Bd3f5 Ra1a2
44.Ng1f3 c4
45.bxc4 Ra2xa4
46.Nf3d2 Ra4a2
47.Ke2 Ra2b2
48.Nd2f3 a4
49.Nf3e1 Rb2b4
50.Kd3 a3
51.c3 Rb4b3
52.Ne1c2 a2
53.Bf5e6  { temps }1-0

[Event "Défi"]
[Site "www.echecsemail.com"]
[Date "2026.01.06"]
[Round "1"]
[White "Mino"]
[Black "Steflam"]
[WhiteElo "1300"]
[BlackElo "1150"]
[Result "1-0"]
1.c4 e5
2.Nb1c3 Nb8c6
3.a3 Bf8c5
4.e3 d6
5.Nc3d5 Ng8f6
6.Nd5c3 O-O
7.h3 Bc8f5
8.Qd1f3 e4
9.Qf3xf5 Nc6e7
10.Nc3xe4 Nf6xe4
11.Qf5xe4 f5
12.Qe4e6 Kh8
13.g4 f4
14.d4 Bc5b6
15.b4 c5
16.exf4  { temps }1-0

[Event "Tournoi n27312"]
[Site "www.echecsemail.com"]
[Date "2026.01.06"]
[Round "1"]
[White "Verson"]
[Black "Petitlulu64"]
[WhiteElo "1900"]
[BlackElo "1760"]
[Result "1-0"]
1.d4 b5
2.Ng1f3 d5
3.e3 Nb8c6
4.Bf1xb5 Bc8d7
5.O-O a6
6.Bb5a4 e6
7.c3 Ng8f6
8.Nb1d2 Nc6a5
9.Nf3e5 Na5c4
10.Ne5xd7 Ke7
11.Nd7xf6 gxf6
12.Nd2xc4 dxc4
13.Ba4c2 Bf8g7
14.e4 Rh8e8
15.Qd1e2 Re8f8
16.Bc1e3 Rf8e8
17.Qe2xc4 Kf8
18.d5 exd5
19.exd5 Ra8c8
20.Bc2xh7 Re8e5
21.Ra1d1 f5
22.Be3c5 Ke8
23.Qc4a4 c6
24.dxc6 Qd8xd1
25.Rf1xd1 Re5xc5
26.c7 Kf8
27.Rd1d8 Ke7
28.Rd8xc8 Bg7e5
29.Rc8e8 Kf6
30.c8Q Rc5d5
31.Qc8xf5 Kg7
32.Qa4g4 Kh6
33.Qf5h5 1-0

[Event "Tournoi n27318"]
[Site "www.echecsemail.com"]
[Date "2026.01.06"]
[Round "1"]
[White "Willkommen54"]
[Black "Verson"]
[WhiteElo "2020"]
[BlackElo "1880"]
[Result "1-0"]
1.d4 d5
2.Ng1f3 Ng8f6
3.e3 e6
4.Bf1d3 Bf8d6
5.Nb1d2 Nb8d7
6.O-O O-O
7.c4 c6
8.c5 Bd6c7
9.b4 e5
10.dxe5 Nd7xe5
11.Qd1c2 Ne5xd3
12.Qc2xd3 Bc8g4
13.Bc1b2 Rf8e8
14.a4 h6
15.Bb2d4 Nf6e4
16.Qd3c2 Qd8f6
17.Bd4xf6 Ne4xf6
18.h3 Bg4h5
19.b5 Re8e7
20.bxc6 bxc6
21.Nf3d4 Bh5g6
22.Qc2c3 { abandon }1-0

[Event "Défi"]
[Site "www.echecsemail.com"]
[Date "2026.01.06"]
[Round "1"]
[White "Arno"]
[Black "Fredbauduret"]
[WhiteElo "1780"]
[BlackElo "1980"]
[Result "1-0"]
1.d4 Ng8f6
2.Ng1f3 d5
3.Bc1f4 g6
4.Qd1d2 Bf8g7
5.Nb1c3 O-O
6.Bf4h6 Rf8e8
7.Bh6xg7 Kxg7
8.h3 Nb8c6
9.O-O-O e6
10.g4 Nc6e7
11.Nf3e5 c5
12.g5 cxd4
13.gxf6 Kxf6
14.Qd2xd4 Ne7f5
15.Ne5g4 Ke7
16.Qd4b4 Nf5d6
17.e4 dxe4
18.Nc3xe4 f5
19.Ne4xd6 fxg4
20.Nd6xb7 { abandon }1-0

[Event "Défi"]
[Site "www.echecsemail.com"]
[Date "2026.01.06"]
[Round "1"]
[White "Superman"]
[Black "Cloclo"]
[WhiteElo "1810"]
[BlackElo "1820"]
[Result "0-1"]
1.e4 c5
2.Ng1f3 d6
3.Bf1c4 Nb8c6
4.O-O Ng8f6
5.Rf1e1 e5
6.c3 a6
7.d3 b5
8.Bc4b3 Bf8e7
9.Bc1g5 O-O
10.Nb1d2 b4
11.Ra1c1 a5
12.h3 a4
13.Bb3xa4 Bc8d7
14.Ba4b3 bxc3
15.bxc3 h6
16.Bg5e3 Nc6a5
17.Nd2f1 Na5xb3
18.axb3 Ra8a3
19.Nf1g3 Qd8c7
20.Nf3h4 Nf6h7
21.Nh4f5 Bd7xf5
22.Ng3xf5 Rf8a8
23.Qd1g4 Nh7g5
24.h4 Ng5e6
25.Nf5xh6 Kf8
26.Nh6f5 Ra3xb3
27.Kh2 Be7f6
28.h5 Kg8
29.h6 g6
30.Nf5g3 Ra8a3
31.Ng3h5 Qc7e7
32.g3 Kh7
33.Nh5xf6 Qe7xf6
34.Re1f1 Rb3xc3
35.f4 exf4
36.gxf4 Rc3xd3
37.f5 Rd3xe3
38.fxe6 Qf6b2
39.Kh1 Re3h3
40.Kg1 Qb2h2
0-1

[Event "CARPE DIEM"]
[Site "www.echecsemail.com"]
[Date "2026.01.06"]
[Round "1"]
[White "Qsdmlk"]
[Black "Marmotte"]
[WhiteElo "1560"]
[BlackElo "1560"]
[Result "0-1"]
1.e4 c5
2.Ng1f3 d6
3.d4 cxd4
4.Nf3xd4 Ng8f6
5.Nb1c3 a6
6.Bf1d3 Nb8c6
7.Bc1e3 Nc6xd4
8.Be3xd4 e5
9.Bd4e3 Bf8e7
10.O-O O-O
11.Qd1f3 Bc8g4
12.Qf3g3 Qd8d7
13.f3 Bg4e6
14.Be3h6 Nf6h5
15.Qg3f2 gxh6
16.Bd3e2 Kh8
17.f4 Nh5xf4
18.g3 Nf4h3
{ abandon }0-1

[Event "Défi"]
[Site "www.echecsemail.com"]
[Date "2026.01.06"]
[Round "1"]
[White "Kawa750"]
[Black "Tartu"]
[WhiteElo "1820"]
[BlackElo "1710"]
[Result "0-1"]
1.g4 d5
2.d4 h6
3.Bf1g2 Nb8c6
4.Nb1c3 Ng8f6
5.h3 e6
6.Bc1f4 Bf8d6
7.Nc3b5 Bd6xf4
8.e3 Bf4d6
9.Nb5xd6 Qd8xd6
10.a3 O-O
11.Ng1f3 Rf8e8
12.O-O a5
13.Nf3h2 e5
14.c3 exd4
15.exd4 Re8e7
16.Qd1d3 Bc8d7
17.Nh2f3 Ra8e8
18.Rf1e1 Nf6e4
19.Nf3e5 Nc6xe5
20.Qd3c2 Ne5g6
21.Re1e3 Ng6h4
22.Bg2h1 Ne4g5
23.Ra1e1 Re7xe3
24.Re1xe3 Re8xe3
25.fxe3 Ng5xh3
26.Kf1 Bd7xg4
{ abandon }0-1

[Event "Tournoi n27330"]
[Site "www.echecsemail.com"]
[Date "2026.01.06"]
[Round "1"]
[White "Nogean"]
[Black "Tiounet"]
[WhiteElo "1620"]
[BlackElo "1590"]
[Result "0-1"]
1.c4 b6
2.Nb1c3 Bc8b7
3.Ng1f3 Ng8f6
4.g3 g6
5.Bf1g2 Bf8g7
6.O-O O-O
7.d3 c5
8.Bc1e3 d6
9.Qd1c1 Nb8c6
10.a3 Rf8e8
11.Be3h6 Bg7h8
12.b3 Nc6a5
13.Ra1b1 Nf6g4
14.Bh6d2 Na5c6
15.h3 Ng4f6
16.b4 cxb4
17.axb4 Nf6d7
18.b5 Nc6e5
19.Nf3xe5 Bb7xg2
20.Ne5c6 Bg2xc6
21.bxc6 Nd7c5
22.Nc3b5 Qd8c8
23.Kg2 Qc8xc6
24.Kh2 a6
25.Nb5d4 Bh8xd4
26.Bd2c3 Bd4xc3
27.Qc1xc3 Nc5a4
28.Qc3d2 b5
29.Rf1c1 Qc6d7
30.Qd2d1 bxc4
31.Rc1xc4 Na4c5
32.e3 Re8b8
33.Rb1c1 a5
34.d4 Nc5b3
35.Rc1b1 a4
36.Rb1b2 Qd7b5
37.Rc4c3 Qb5f5
38.Qd1e2 Qf5a5
39.Rb2a2 Qa5xc3
40.Ra2a3 Qc3d2
41.Qe2f3 Rb8c8
42.Kg2 Ra8a7
43.Qf3d5 Ra7a5
44.Qd5b7 Rc8c2
45.Qb7f3 Nb3c1
46.Kf1 Nc1d3
47.h4 Qd2e1
48.Kg2 Rc2xf2
{ abandon }0-1

[Event "Défi"]
[Site "www.echecsemail.com"]
[Date "2026.01.06"]
[Round "1"]
[White "Mano"]
[Black "Mokanne"]
[WhiteElo "1660"]
[BlackElo "1450"]
[Result "1-0"]
1.e4 a6
2.Nb1c3 e5
3.Ng1f3 d6
4.h3 h6
5.a3 Bc8e6
6.d4 f6
7.d5 Be6d7
8.Bf1c4 b5
9.Bc4a2 Ng8e7
10.O-O Bd7c8
11.Rf1e1 Bc8b7
12.b4 Nb8d7
13.Ba2b3 Ne7g6
14.Bc1d2 c6
15.dxc6 Bb7xc6
16.Bb3e6 Bf8e7
17.Be6f5 Ng6f8
18.Nf3h4 Nd7b6
19.Qd1h5 g6
20.Nh4xg6 Nf8xg6
21.Qh5xg6 Kf8
22.Bd2xh6 Rh8xh6
23.Qg6xh6 Ke8
24.Re1e3 Be7f8
25.Qh6h5 Ke7
26.Re3g3 Qd8e8
27.Bf5g6 Qe8d8
28.Qh5h7 { abandon }1-0

[Event "Défi"]
[Site "www.echecsemail.com"]
[Date "2026.01.06"]
[Round "1"]
[White "Burgman"]
[Black "Tartu"]
[WhiteElo "2030"]
[BlackElo "1700"]
[Result "1/2-1/2"]
1.e4 e6
2.Qd1e2 Nb8c6
3.c3 d5
4.exd5 Qd8xd5
5.d4 Ng8f6
6.Ng1f3 Bf8e7
7.Bc1e3 O-O
8.Nb1d2 h6
9.Qe2c4 Qd5xc4
10.Bf1xc4 a6
11.O-O Nc6a5
12.Bc4d3 b5
13.b4 Na5c6
14.Nd2e4 Nf6xe4
15.Bd3xe4 Bc8b7
16.a4 f5
17.Be4d3 Ra8d8
18.axb5 axb5
19.Bd3xb5 Rd8a8
20.Bb5xc6 Bb7xc6
21.Nf3e5 Bc6e4
22.f3 Be4b7
23.Ne5g6 Rf8f7
24.Ng6xe7 Rf7xe7
25.Ra1xa8 Bb7xa8
26.Rf1a1 Re7e8
27.Ra1a7 c6
28.Be3f4 Kf8
29.Bf4d6 Kg8
30.Kf2 g5
31.Ra7e7 Re8xe7
32.Bd6xe7 Kf7
33.Be7c5 h5
34.Ke3 Kg6
35.g3 Ba8b7
36.f4 g4
37.Kd3 Kf7
38.c4 Ke8
39.Kc3 Kd7
40.Kb3 Kc7
41.Ka4 Bb7a6
42.b5 cxb5
43.cxb5 Ba6b7
44.Ka5 Bb7d5
45.Ka6 Kb8
46.Kb6 Bd5b7
47.Bc5d6 Ka8
48.Kc7 Ka7
49.Bd6c5 Ka8
50.b6 Bb7d5
51.Kd6 Kb8
52.Ke5 Kb7
53.Kf6 Ka6
54.Kg6 Kb7
55.Kxh5 Kc6
56.Kh4 Bd5g2
57.Kg5 Bg2d5
58.Kf6 Bd5c4
59.Ke7 Bc4d5
60.Kd8 Kb7
61.Kd7 Bd5c4
62.Kd6 { nul }1/2-1/2

[Event "Défi"]
[Site "www.echecsemail.com"]
[Date "2026.01.06"]
[Round "1"]
[White "Fr7d"]
[Black "Vvvv"]
[WhiteElo "1630"]
[BlackElo "1710"]
[Result "0-1"]
1.e4 c5
2.f4 e6
3.Ng1f3 Nb8c6
4.Bf1b5 a6
5.Bb5xc6 bxc6
6.O-O Ng8f6
7.e5 Nf6d5
8.d3 d6
9.Bc1d2 f6
10.c4 Nd5e7
11.Nb1c3 Ne7g6
12.d4 Bf8e7
13.Bd2e3 O-O
14.exd6 Be7xd6
15.Nc3e4 Bd6xf4
16.Be3xf4 Ng6xf4
17.Ne4xc5 Rf8e8
18.Qd1d2 Qd8c7
19.Nc5d3 Nf4xd3
20.Qd2xd3 Ra8b8
21.Ra1b1 Re8d8
22.b4 e5
23.Qd3c3 e4
24.Nf3d2 f5
25.c5 Bc8e6
26.Rb1e1 Qc7d7
27.h3 Be6xa2
28.Nd2c4 Ba2xc4
29.Qc3xc4 Kh8
30.Rf1f4 Qd7xd4
31.Qc4xd4 Rd8xd4
32.Rf4xf5 Rd4xb4
33.Kf2 h6
34.Rf5f4 e3
35.Re1xe3 Rb4xf4
36.Kg3 Rf4c4
37.Re3a3 Rb8a8
38.Kf3 g5
39.Ra3e3 Rc4f4
40.Kg3 a5
41.Re3e6 a4
42.Re6xh6 Kg7
43.Rh6xc6 a3
44.Rc6d6 a2
45.c6 Ra8a3
46.Kh2 Rf4c4
47.Rd6d7 Kf6
48.c7 a1Q
49.Rd7d6 Ke5
50.Rd6c6 Ra3xh3
51.Kxh3 Qa1h1
52.Kg3 Qh1h4
53.Kf3 Qh4f4
54.Ke2 Qf4e4
55.Kf2 Qe4xc6
56.c8Q Qc6f6
57.Qc8f5 Kxf5
58.Kg3 Rc4h4
59.Kf2 Rh4h1
{ abandon }0-1

[Event "Défi( 10J+24H/c 10J Max )"]
[Site "www.echecsemail.com"]
[Date "2026.01.06"]
[Round "1"]
[White "Burgman"]
[Black "Electronlibre"]
[WhiteElo "1990"]
[BlackElo "1980"]
[Result "1-0"]
1.c4 f5
2.d4 Ng8f6
3.Ng1f3 g6
4.Nb1c3 Bf8g7
5.g3 d5
6.Bf1g2 c6
7.O-O O-O
8.Qd1b3 Kh8
9.Bc1g5 b6
10.Bg5xf6 Bg7xf6
11.cxd5 cxd5
12.Qb3xd5 Qd8xd5
13.Nc3xd5 Nb8a6
14.Nd5xf6 exf6
15.Nf3e5 fxe5
16.Bg2xa8 exd4
17.Ba8f3 Bc8e6
18.Rf1d1 Rf8d8
19.a3 Na6c5
20.Ra1c1 Nc5b3
21.Rc1c7 Rd8d7
22.Rc7xd7 Be6xd7
23.Rd1d3 Bd7e6
24.e4 Be6c4
25.Rd3d1 Bc4e6
26.exf5 gxf5
27.Kf1 Kg7
28.Ke2 Kf6
29.Bf3c6 Be6c4
30.Kf3 Ke5
31.Bc6a4 Nb3c5
32.Ba4c2 Bc4d5
33.Ke2 Nc5e6
34.f4 Kf6
35.Bc2d3 h6
36.Rd1c1 Ne6c5
37.b4 Nc5b3
38.Rc1c7 a5
39.Rc7d7 Nb3c1
40.Kd2 Nc1b3
41.Kc2 Bd5e6
42.Rd7d6 Ke7
43.Rd6xe6 Kxe6
44.Kxb3 h5
45.bxa5 { abandon }1-0

[Event "Coupe Niveau 4"]
[Site "www.echecsemail.com"]
[Date "2026.01.06"]
[Round "1"]
[White "Filosofia"]
[Black "Patau"]
[WhiteElo "2100"]
[BlackElo "1710"]
[Result "0-1"]
1.Ng1f3 Ng8f6
2.b3 c5
3.Bc1b2 d5
4.e3 Nb8c6
5.Bf1e2 e5
6.Nf3xe5 Nc6xe5
7.Bb2xe5 Bf8d6
8.Be5xd6 Qd8xd6
9.c3 O-O
10.O-O Bc8f5
11.d4 cxd4
12.cxd4 Ra8c8
13.Nb1d2 Nf6e4
14.Nd2xe4 Bf5xe4
15.Ra1c1 Qd6g6
16.Be2f3 Rc8xc1
{ abandon }0-1

[Event "Memorial Lara CIII"]
[Site "www.echecsemail.com"]
[Date "2026.01.06"]
[Round "1"]
[White "Alain64"]
[Black "Leredoutable"]
[WhiteElo "2120"]
[BlackElo "1760"]
[Result "1-0"]
1.b3 d5
2.Bc1b2 Bc8f5
3.e3 a6
4.Ng1f3 Ng8f6
5.d4 c5
6.Bf1d3 Bf5xd3
7.Qd1xd3 Nb8c6
8.O-O e6
9.c4 Nc6b4
10.Qd3e2 Nf6e4
11.Rf1d1 b6
12.dxc5 bxc5
13.a3 Nb4c6
14.Nb1c3 Bf8e7
15.Nc3xe4 Qd8b6
16.cxd5 O-O
17.dxe6 fxe6
18.Qe2c4 Nc6a5
19.Qc4c3 Na5xb3
20.Qc3xg7 1-0

[Event "NIHAU 2"]
[Site "www.echecsemail.com"]
[Date "2026.01.06"]
[Round "1"]
[White "Skalfa"]
[Black "Brettsinclair"]
[WhiteElo "1890"]
[BlackElo "1900"]
[Result "0-1"]
1.e4 d6
2.Bf1c4 Ng8f6
3.d3 e6
4.h3 Bf8e7
5.Ng1f3 O-O
6.O-O Nb8d7
7.Nb1c3 c6
8.d4 b5
9.Bc4b3 a6
10.a3 Bc8b7
11.Bc1f4 c5
12.Rf1e1 c4
13.Bb3a2 Nf6h5
14.Bf4h2 Ra8c8
15.Nf3d2 e5
16.Qd1xh5 Nd7f6
17.Qh5d1 exd4
18.Nc3e2 Qd8b6
19.Ne2f4 c3
20.bxc3 Rc8xc3
21.Nf4d3 Rf8c8
22.Ba2b3 Rc3c6
23.Nd2f3 Nf6d7
24.Nd3f4 a5
25.Nf4d5 Qb6d8
26.Qd1xd4 Nd7c5
27.Bb3a2 Nc5e6
28.Nd5xe7 Qd8xe7
29.Qd4d1 Ne6f8
30.Bh2f4 Nf8g6
31.Bf4h2 h6
32.Nf3d4 Rc6b6
33.Nd4f5 Qe7f6
34.Nf5xd6 Rc8d8
35.Ba2xf7 Kf8
36.e5 Qf6g5
37.f3 Ng6h4
38.g4 Nh4xf3
39.Kf2 Nf3xh2
40.Kg3 Nh2f3
41.Qd1e2 Qg5h4
42.Kf4 g5
43.Kf5 Nf3d4
44.Kf6 Nd4xe2
45.Re1xe2 Qh4xh3
46.Bf7h5 Qh3f3
47.Kg6 Qf3xe2
48.Kxh6 Qe2xe5
{ abandon }0-1

[Event "Défi"]
[Site "www.echecsemail.com"]
[Date "2026.01.06"]
[Round "1"]
[White "Arno"]
[Black "Kawa750"]
[WhiteElo "1770"]
[BlackElo "1800"]
[Result "1-0"]
1.d4 e6
2.Bc1f4 c5
3.e3 cxd4
4.exd4 d5
5.Ng1f3 Ng8f6
6.Bf1d3 Bf8b4
7.c3 Bb4a5
8.Nb1d2 Nb8c6
9.Ra1c1 Ba5c7
10.Bf4g5 h6
11.Bg5h4 g5
12.Bh4g3 Bc8d7
13.O-O Qd8e7
14.Bg3xc7 O-O
15.Bc7e5 Nf6g4
16.Qd1e2 f6
17.Be5g3 e5
18.Bd3b5 e4
19.Nf3e1 f5
20.h3 Nc6xd4
21.cxd4 Bd7xb5
22.Qe2xb5 Ng4f6
23.Bg3e5 Nf6h5
24.Qb5xd5 Qe7f7
25.Qd5xf7 Rf8xf7
26.Nd2b3 f4
27.Ne1c2 e3
28.fxe3 Nh5g3
29.Rf1f2 fxe3
30.Nc2xe3 Rf7xf2
31.Kxf2 Ng3h5
32.Ne3f5 { abandon }1-0

[Event "Tournoi n27298"]
[Site "www.echecsemail.com"]
[Date "2026.01.06"]
[Round "1"]
[White "Kiki24"]
[Black "Nicadria22"]
[WhiteElo "1850"]
[BlackElo "1940"]
[Result "1/2-1/2"]
1.c4 c5
2.g3 g6
3.Bf1g2 Bf8g7
4.Nb1c3 Nb8c6
5.Ng1f3 Ng8f6
6.O-O O-O
7.e3 Ra8b8
8.Ra1b1 b6
9.d4 cxd4
10.Nf3xd4 Bc8b7
11.b3 Nc6e5
12.e4 a6
13.f4 Ne5c6
14.e5 Nf6e8
15.Nd4xc6 dxc6
16.Qd1xd8 Rb8xd8
17.Bc1e3 Rd8d3
18.Nc3d1 Ne8c7
19.Bg2e4 Rd3d7
20.Nd1f2 Nc7a8
21.Rb1d1 Rf8d8
22.Rd1xd7 Rd8xd7
23.Rf1d1 Rd7xd1
24.Nf2xd1 b5
25.cxb5 axb5
26.Nd1c3 f6
27.exf6 exf6
28.Nc3e2 f5
29.Be4g2 Na8c7
30.Ne2d4 Bg7xd4
31.Be3xd4 Nc7e6
32.Bd4c3 Kf7
33.b4 Ke7
34.Kf2 Ne6f8
35.h4 Nf8d7
36.Ke3 Kd6
37.a3 Nd7b6
38.Bg2f1 Nb6d5
39.Kd3 Nd5xc3
40.Kxc3 Ke6
41.Kd4 Kd6
42.Bf1d3 Bb7c8
43.Bd3c2 Bc8e6
44.Bc2d1 { nul }1/2-1/2

[Event "Coupe Niveau 4"]
[Site "www.echecsemail.com"]
[Date "2026.01.06"]
[Round "1"]
[White "Patau"]
[Black "Alain64"]
[WhiteElo "1700"]
[BlackElo "2120"]
[Result "0-1"]
1.e4 c5
2.Ng1f3 Nb8c6
3.g3 d6
4.Bf1g2 Ng8f6
5.O-O g6
6.d3 Bf8g7
7.Bc1g5 O-O
8.Nb1d2 a6
9.Rf1e1 Bc8g4
10.Nd2f1 Nc6d4
11.h3 Nd4xf3
12.Bg2xf3 Bg4xh3
13.c3 Qd8d7
14.Nf1e3 h5
15.Ne3d5 Ra8e8
16.Nd5xf6 exf6
17.Bg5e3 f5
18.Bf3g2 Bh3xg2
19.Kxg2 fxe4
20.dxe4 Re8xe4
21.Qd1d3 Qd7c6
22.f3 Re4e6
23.Ra1d1 Rf8e8
24.Kf2 b5
25.Qd3d5 Qc6xd5
26.Rd1xd5 Bg7f8
27.f4 b4
28.cxb4 cxb4
29.Kf3 Bf8g7
30.b3 Bg7c3
31.Re1e2 f6
32.f5 gxf5
33.Rd5xf5 Bc3d4
34.Rf5xh5 Re6xe3
35.Re2xe3 Re8xe3
36.Kf4 Re3e5
{ abandon }0-1

[Event "Tournoi n27306"]
[Site "www.echecsemail.com"]
[Date "2026.01.06"]
[Round "1"]
[White "Kaelstrum"]
[Black "Jlr"]
[WhiteElo "1490"]
[BlackElo "1360"]
[Result "1-0"]
1.e4 e5
2.Ng1f3 Ng8f6
3.Nf3xe5 Nf6xe4
4.Qd1e2 d5
5.d3 Bf8b4
6.c3 Ne4xc3
7.bxc3 Bb4xc3
8.Nb1xc3 O-O
9.Bc1e3 Qd8f6
10.d4 Bc8f5
11.g3 g6
12.Nc3xd5 Qf6d8
13.Bf1g2 f6
14.Nd5xf6 Rf8xf6
15.Bg2xb7 Nb8d7
16.Ne5c6 Qd8f8
17.Bb7xa8 Qf8xa8
18.Nc6e7 Kf7
19.O-O Bf5e4
20.Ne7xg6 Be4f3
21.Qe2d2 hxg6
22.Ra1c1 Bf3g2
23.Rf1e1 Bg2h3
24.f4 c6
25.Qd2f2 Rf6f5
26.Be3d2 Nd7f6
27.Bd2b4 Nf6d5
28.Bb4c5 Nd5xf4
29.gxf4 g5
30.Re1e7 Kf6
31.fxg5 Kg6
32.Re7e6 Kxg5
33.Bc5e7 Kg4
34.Qf2g3 Kh5
35.Qg3h4 1-0

[Event "Défi"]
[Site "www.echecsemail.com"]
[Date "2026.01.06"]
[Round "1"]
[White "Payne42"]
[Black "Kaelstrum"]
[WhiteElo "1820"]
[BlackElo "1410"]
[Result "0-1"]
1.f4 Ng8f6
2.Ng1f3 g6
3.e3 Bf8g7
4.b3 d6
5.Bc1b2 O-O
6.Bf1e2 Nb8d7
7.Nb1c3 e5
8.fxe5 Nd7xe5
9.O-O Bc8d7
10.Nf3xe5 dxe5
11.Be2f3 c6
12.Nc3e4 Nf6xe4
13.Bf3xe4 f5
14.Be4f3 e4
15.Bf3e2 Bg7xb2
16.Ra1b1 Bb2g7
17.Be2c4 Kh8
18.Qd1e1 Qd8e7
19.Rb1d1 Bd7e6
20.Bc4xe6 Qe7xe6
21.d4 Ra8d8
22.c3 b6
23.Rf1f4 Bg7h6
24.Rf4f1 g5
25.Rd1d2 f4
26.exf4 gxf4
27.Qe1h4 e3
28.Rd2e2 Qe6g6
29.h3 Rd8d5
30.Qh4g4 Rd5g5
31.Qg4d7 f3
32.Re2xe3 Rg5xg2
33.Kh1 Bh6xe3
34.Qd7e6 Rg2g1
{ abandon }0-1